000
00418nam a2200157Ia 4500
008
100122s9999 xx 000 0 und d
082
_b
32121
_a
822.9
100
_a
देशपांडे माधव का.
245
_a
मकबेथ
250
_a
0
260
_b
नीलकंठ प्रकाशन
_c
1968
300
_a
61
630
_a
मकबेथ
730
_a
मकबेथ
942
_c
BOOK
999
_c
416588
_d
416585